00513 2200205 4500001002100000008004100021035002000062245007200082100001900154250000600173260003300179300001100212084001400223082000800237650001400245990001200259990001200271990001200283990001200295INLIS000000000000519 ind  a0010-0424000495 aPerawatan Kulit Wajah Berpigmentasi Dengan TeknologicSri Sudaryati aSudaryati, Sri a1 aKlaten :bIntan Sejatic2015 a76 hlm a600 SRI p a600 aNon Fiksi a0722104 a0722105 a0722106 a0722107